Science Lab Manual with Sample papers (Record no. 3063)

MARC details
000 -LEADER
fixed length control field 00248nam a22000857a 4500
008 - FIXED-LENGTH DATA ELEMENTS--GENERAL INFORMATION
fixed length control field 160912b xxu||||| |||| 00| 0 eng d
100 ## - MAIN ENTRY--PERSONAL NAME
9 (RLIN) 405
Personal name Jiwan ltd India
245 ## - TITLE STATEMENT
Title Science Lab Manual with Sample papers
260 ## - PUBLICATION, DISTRIBUTION, ETC. (IMPRINT)
Place of publication, distribution, etc. New Delhi
Name of publisher, distributor, etc. Jiwan publication
Date of publication, distribution, etc. 2008
Holdings
Withdrawn status Lost status Source of classification or shelving scheme Damaged status Koha normalized classification for sorting Not for loan Home library Current library Shelving location Date acquired Total Checkouts Full call number Barcode Date last seen Date last checked out Price effective from Koha item type
    Dewey Decimal Classification   500_000000000000000   Good Samaritan School Library Good Samaritan School Library Science 09/12/2016 3 500 JIW5146 12/04/2017 12/04/2017 09/12/2016 BOOK

Powered by Koha